000 00818cab a22001815a 4500
001 L147228
008 090417s2009 xxkao f 000 0 eng d
035 _a(Sirsi) u147228
041 0 _aeng
245 0 0 _aTaking a break!
260 _c2009
490 0 _aAgreement
_vApril 2009, 14-17(4)
520 _aReports that a growing number of letting agents are going into holiday lets on behalf of their landlords. Considers whether or not landlords should redesignate any of their properties as holiday homes and how this might be done. Reveals that the best-performing holiday properties are short lets with year-round appeal in cities such as London, Bath, Edinburgh and Oxford.
590 _aKA
651 4 _aUnited Kingdom
_y
690 _aPROPERTY-RESIDENTIAL PROPERTY-RESIDENTIAL LANDLORD AND TENANT
942 _n0
999 _c81444
_d81444